[Event "Klatovy op-A 29th"]
[Site "Klatovy"]
[Date "2023.07.05"]
[Round "5"]
[White "Neuman, Petr"]
[Black "Vorisek, Jaroslav"]
[Result "1-0"]
[WhiteElo "2400"]
[BlackElo "2260"]
[PlyCount "51"]
[EventDate "2023.07.01"]
[EventType "swiss"]
[EventRounds "9"]
[EventCountry "CZE"]
[SourceTitle "CBM 215 Extra"]
[Source "ChessBase"]
[SourceDate "2023.09.30"]
[SourceVersion "1"]
[SourceVersionDate "2023.09.30"]
[SourceQuality "1"]

1. d4 f5 2. g3 Nf6 3. Bg2 g6 4. c3 Bg7 5. Qb3 c6 6. Nd2 d5 7. Nh3 0-0 8. Nf4 e5 9. dxe5 Ng4 10. c4 d4 11. c5+ Kh8 12. h4 Bxe5 13. Nc4 Bc7 14. Nd3 Be6 15. Bg5 Qe8 16. Qa4 Bd5 17. Bxd5 cxd5 18. Qxe8 Rxe8 19. Nd6 Bxd6 20. cxd6 h6 21. Bf4 Nc6 22. Rc1 Rad8 23. Nc5 Nce5 24. Nxb7 d3 25. Bxe5+ Rxe5 26. 0-0 1-0

[Event "CZE-chT2B 2223"]
[Site "Czech Republic"]
[Date "2022.11.06"]
[Round "2.3"]
[White "Vorisek, Jaroslav"]
[Black "Jirasko, Miroslav"]
[Result "1/2-1/2"]
[WhiteElo "2256"]
[BlackElo "2082"]
[PlyCount "67"]
[EventDate "2022.10.16"]
[EventType "team-tourn"]
[EventRounds "11"]
[EventCountry "CZE"]
[SourceTitle "EXT 2024"]
[Source "ChessBase"]
[SourceDate "2023.10.10"]
[SourceVersion "1"]
[SourceVersionDate "2023.10.10"]
[SourceQuality "1"]
[WhiteTeam "Bohemians"]
[BlackTeam "Udlice"]
[WhiteTeamCountry "CZE"]
[BlackTeamCountry "CZE"]

1. d4 d5 2. Nf3 Nf6 3. g3 e6 4. Bg2 c5 5. 0-0 Nc6 6. c4 dxc4 7. Ne5 Bd7 8. Nxc6 Bxc6 9. Bxc6+ bxc6 10. Qa4 Qb6 11. dxc5 Qb5 12. Qc2 Qxc5 13. Be3 Qh5 14. f3 Bc5 15. Bf2 Bxf2+ 16. Rxf2 Qc5 17. Nd2 c3 18. Rc1 Nd5 19. Ne4 Qe3 20. Nxc3 Nb4 21. Qb1 0-0 22. a3 Nd5 23. Nd1 Qb6 24. e4 Nc7 25. Qc2 Rfd8 26. Nc3 Nb5 27. Nxb5 cxb5 28. Qc5 Rd1+ 29. Kg2 Rxc1 30. Qxc1 Rd8 31. Rd2 g6 32. Qc3 Rxd2+ 33. Qxd2 Qc5 34. f4 1/2-1/2

[Event "Klatovy op 28th"]
[Site "Klatovy"]
[Date "2022.07.09"]
[Round "8"]
[White "Janous, Marek"]
[Black "Vorisek, Jaroslav"]
[Result "1/2-1/2"]
[WhiteElo "2175"]
[BlackElo "2270"]
[PlyCount "28"]
[EventDate "2022.07.02"]
[EventType "swiss"]
[EventRounds "9"]
[EventCountry "CZE"]
[SourceTitle "EXT 2023"]
[Source "ChessBase"]
[SourceDate "2022.10.05"]
[SourceVersion "1"]
[SourceVersionDate "2022.10.05"]
[SourceQuality "1"]

1. e4 e5 2. Nf3 Nc6 3. d4 exd4 4. Nxd4 Bc5 5. Nb3 Bb6 6. Nc3 Nf6 7. Qe2 0-0 8. Bg5 h6 9. Bh4 Re8 10. 0-0-0 d6 11. f3 Be6 12. g4 a5 13. Na4 Ba7 14. Qg2 Ne5 1/2-1/2

[Event "CZE-chT1W 2122"]
[Site "Czech Republic"]
[Date "2022.01.23"]
[Round "7.6"]
[White "Dolezal, Radoslav"]
[Black "Vorisek, Jaroslav"]
[Result "1/2-1/2"]
[WhiteElo "2377"]
[BlackElo "2273"]
[PlyCount "31"]
[EventDate "2021.10.10"]
[EventType "team-tourn"]
[EventRounds "11"]
[EventCountry "CZE"]
[SourceTitle "EXT 2023"]
[Source "ChessBase"]
[SourceDate "2022.10.05"]
[SourceVersion "1"]
[SourceVersionDate "2022.10.05"]
[SourceQuality "1"]
[WhiteTeam "Pankrac"]
[BlackTeam "Vlasim Spartak"]
[WhiteTeamCountry "CZE"]
[BlackTeamCountry "CZE"]

1. d4 Nf6 2. Nf3 d5 3. c4 e6 4. Bg5 Be7 5. e3 0-0 6. Nbd2 c5 7. dxc5 Bxc5 8. cxd5 Qxd5 9. Bxf6 gxf6 10. Bc4 Qf5 11. Qb3 Rd8 12. Rc1 Nc6 13. Qc2 Qxc2 14. Rxc2 Be7 15. a3 Bd7 16. Nb3 1/2-1/2

[Event "CZE-ch"]
[Site "Plzen"]
[Date "2020.08.28"]
[Round "6"]
[White "Hlozek, David"]
[Black "Vorisek, Jaroslav"]
[Result "1/2-1/2"]
[WhiteElo "2037"]
[BlackElo "2279"]
[PlyCount "84"]
[EventDate "2020.08.23"]
[EventType "swiss"]
[EventRounds "9"]
[EventCountry "CZE"]
[SourceTitle "CBM 198 Extra"]
[Source "ChessBase"]
[SourceDate "2020.11.30"]
[SourceVersion "1"]
[SourceVersionDate "2020.11.30"]
[SourceQuality "1"]

1. e4 e5 2. Nf3 Nc6 3. d4 exd4 4. Nxd4 Bc5 5. Nxc6 Qf6 6. Qf3 bxc6 7. Nd2 d6 8. Nb3 Bb6 9. a4 a5 10. Bd2 Qxf3 11. gxf3 Ne7 12. Rg1 Rg8 13. Be3 c5 14. e5 Be6 15. exd6 cxd6 16. Bb5+ Bd7 17. 0-0-0 Bxb5 18. axb5 a4 19. Nd2 d5 20. Nb1 f6 21. c4 d4 22. Bf4 Kd7 23. Kc2 g5 24. Bc1 Ke6 25. Rde1+ Kf7 26. f4 g4 27. Nd2 f5 28. f3 h5 29. fxg4 hxg4 30. Nf1 Rh8 31. Re2 Nc8 32. Ng3 Nd6 33. Rge1 Rae8 34. Rxe8 Rxe8 35. Rxe8 Kxe8 36. b3 axb3+ 37. Kxb3 Kf7 38. Bd2 Kg6 39. Be1 Bc7 40. Ne2 Ne4 41. Kc2 Kh5 42. Kd3 Kg6 1/2-1/2

[Event "CZE-chT2A 1920"]
[Site "Czech Republic"]
[Date "2020.02.23"]
[Round "9.5"]
[White "Vorisek, Jaroslav"]
[Black "Hradecky, Ivo"]
[Result "1-0"]
[WhiteElo "2276"]
[BlackElo "2015"]
[PlyCount "45"]
[EventDate "2019.10.13"]
[EventType "team-tourn"]
[EventRounds "11"]
[EventCountry "CZE"]
[SourceTitle "EXT 2024"]
[Source "ChessBase"]
[SourceDate "2023.10.10"]
[SourceVersion "1"]
[SourceVersionDate "2023.10.10"]
[SourceQuality "1"]
[WhiteTeam "Praha Bohemians"]
[BlackTeam "Vlasim II"]
[WhiteTeamCountry "CZE"]
[BlackTeamCountry "CZE"]

1. d4 d5 2. Nf3 e6 3. g3 Nf6 4. Bg2 b5 5. a4 b4 6. c4 bxc3 7. bxc3 a5 8. 0-0 Ba6 9. Ne5 Bd6 10. c4 c5 11. Ba3 0-0 12. Nc3 cxd4 13. Qxd4 Bxa3 14. Rxa3 Qe7 15. Rb3 dxc4 16. Nxc4 Ra7 17. Nxa5 Rc7 18. Rfb1 Nbd7 19. Nb5 Nc5 20. Rc3 Bxb5 21. axb5 e5 22. Qb4 e4 23. Nc6 1-0

[Event "CZE-chT2A 1920"]
[Site "Czech Republic"]
[Date "2020.01.12"]
[Round "6.4"]
[White "Vorisek, Jaroslav"]
[Black "Popper, Tomas"]
[Result "1-0"]
[WhiteElo "2276"]
[BlackElo "2040"]
[PlyCount "110"]
[EventDate "2019.10.13"]
[EventType "team-tourn"]
[EventRounds "11"]
[EventCountry "CZE"]
[SourceTitle "EXT 2024"]
[Source "ChessBase"]
[SourceDate "2023.10.10"]
[SourceVersion "1"]
[SourceVersionDate "2023.10.10"]
[SourceQuality "1"]
[WhiteTeam "Praha Bohemians"]
[BlackTeam "Unichess Reserve"]
[WhiteTeamCountry "CZE"]
[BlackTeamCountry "CZE"]

1. e4 e5 2. Nf3 d6 3. d4 exd4 4. Nxd4 Nf6 5. Nc3 c6 6. a4 Be7 7. Be2 0-0 8. 0-0 Re8 9. f4 Bf8 10. Bf3 Nbd7 11. Re1 g6 12. Be3 Qc7 13. h3 Nc5 14. Bf2 Ne6 15. Qd2 Bh6 16. Nxe6 fxe6 17. g4 Nd7 18. g5 Bg7 19. Rad1 Rf8 20. Kg2 d5 21. e5 Qa5 22. b3 Qb4 23. Ne2 Qxd2 24. Rxd2 Re8 25. h4 Bf8 26. Rh1 b6 27. Nc1 Bb4 28. Rdd1 Bb7 29. h5 Nf8 30. Nd3 Be7 31. Bg3 Rab8 32. Nf2 c5 33. Ng4 Kg7 34. Rh2 d4 35. Bxb7 Rxb7 36. Kf3 Rc8 37. Ke4 a6 38. Be1 b5 39. Ra1 Rd8 40. axb5 axb5 41. Bf2 Rc8 42. Ra6 Rcc7 43. Rh1 Ra7 44. Rha1 Rxa6 45. Rxa6 gxh5 46. Nf6 Kg6 47. Bh4 Bxf6 48. gxf6 Kf7 49. f5 d3 50. cxd3 c4 51. bxc4 bxc4 52. d4 c3 53. Bg5 c2 54. Bc1 h4 55. Ra3 Rd7 1-0

[Event "CZE-chT2A 1819"]
[Site "Czech Republic"]
[Date "2019.01.27"]
[Round "7.4"]
[White "Vorisek, Jaroslav"]
[Black "Folk, Petr"]
[Result "1/2-1/2"]
[WhiteElo "2214"]
[BlackElo "2167"]
[PlyCount "80"]
[EventDate "2018.10.14"]
[EventType "team-tourn"]
[EventRounds "11"]
[EventCountry "CZE"]
[SourceTitle "EXT 2022"]
[Source "ChessBase"]
[SourceDate "2021.10.06"]
[SourceVersion "1"]
[SourceVersionDate "2021.10.06"]
[SourceQuality "1"]
[WhiteTeam "Praha Bohemians"]
[BlackTeam "Klatovy"]
[WhiteTeamCountry "CZE"]
[BlackTeamCountry "CZE"]

1. e4 c5 2. Nf3 e6 3. d4 cxd4 4. Nxd4 Nf6 5. Nc3 Nc6 6. a3 Qc7 7. Be3 a6 8. Be2 Be7 9. 0-0 0-0 10. f4 d6 11. Bf3 Nxd4 12. Bxd4 e5 13. Be3 exf4 14. Bxf4 Be6 15. Be3 Nd7 16. Nd5 Bxd5 17. Qxd5 Bf6 18. c3 Be5 19. g3 Rae8 20. Bg2 Nf6 21. Qd3 Nd7 22. Rad1 b5 23. Kh1 Nc5 24. Qd5 Na4 25. Rf2 Nb6 26. Qd3 Nc4 27. Bd4 Re7 28. Bf3 Qb7 29. Kg2 Re6 30. a4 Rf6 31. axb5 axb5 32. b3 Na5 33. Bxe5 dxe5 34. Qd5 Qc7 35. Qxb5 Qxc3 36. Rd5 Nxb3 37. Rd3 Nd4 38. Rxc3 Nxb5 39. Rc5 Nd4 40. Rxe5 Nxf3 1/2-1/2

[Event "CZE-chT2A 1819"]
[Site "Czech Republic"]
[Date "2019.01.13"]
[Round "6.3"]
[White "Vorisek, Jaroslav"]
[Black "Jacek, Martin"]
[Result "1-0"]
[WhiteElo "2214"]
[BlackElo "2142"]
[PlyCount "91"]
[EventDate "2018.10.14"]
[EventType "team-tourn"]
[EventRounds "11"]
[EventCountry "CZE"]
[SourceTitle "EXT 2022"]
[Source "ChessBase"]
[SourceDate "2021.10.06"]
[SourceVersion "1"]
[SourceVersionDate "2021.10.06"]
[SourceQuality "1"]
[WhiteTeam "Praha Bohemians"]
[BlackTeam "Vysehrad II"]
[WhiteTeamCountry "CZE"]
[BlackTeamCountry "CZE"]

1. d4 Nf6 2. c4 g6 3. Nf3 Bg7 4. g3 0-0 5. Bg2 d6 6. 0-0 Nbd7 7. Qc2 c6 8. Rd1 Qa5 9. h3 Nb6 10. e4 Be6 11. c5 Nbd7 12. Bd2 Qc7 13. cxd6 Qd8 14. dxe7 Qxe7 15. Ng5 Nb6 16. Nxe6 Qxe6 17. b3 Nh5 18. Bc3 Rad8 19. a4 Qd6 20. a5 Nd7 21. Na3 b5 22. axb6 axb6 23. Nc4 Qb8 24. d5 cxd5 25. Bxg7 Nxg7 26. exd5 Nf5 27. d6 Qc8 28. g4 Nh4 29. Ne3 Nc5 30. Nd5 Qe6 31. Nxb6 Rxd6 32. b4 Rxd1+ 33. Rxd1 Na6 34. Nd7 Rd8 35. Qc6 Rxd7 36. Qxd7 Qxd7 37. Rxd7 Nxb4 38. Bb7 g5 39. Rd4 Nc2 40. Rc4 Na3 41. Rc5 h6 42. Be4 Ng6 43. Bxg6 fxg6 44. Kf1 Kf7 45. Ke2 Ke6 46. Kd3 1-0

[Event "CZE-chT2A 1718"]
[Site "Czech Republic"]
[Date "2018.02.11"]
[Round "8.3"]
[White "Vorisek, Jaroslav"]
[Black "Freisler, Pavel"]
[Result "0-1"]
[WhiteElo "2230"]
[BlackElo "2240"]
[PlyCount "118"]
[EventDate "2017.10.15"]
[EventType "team-tourn"]
[EventRounds "11"]
[EventCountry "CZE"]
[SourceTitle "EXT 2022"]
[Source "ChessBase"]
[SourceDate "2021.10.06"]
[SourceVersion "1"]
[SourceVersionDate "2021.10.06"]
[SourceQuality "1"]
[WhiteTeam "Praha Bohemians II"]
[BlackTeam "Kladno"]
[WhiteTeamCountry "CZE"]
[BlackTeamCountry "CZE"]

1. d4 Nf6 2. c4 e6 3. g3 d5 4. Bg2 Bb4+ 5. Bd2 Be7 6. Nf3 0-0 7. 0-0 c6 8. Qc2 Nbd7 9. Rd1 b6 10. b4 Ba6 11. Na3 Rc8 12. Rac1 dxc4 13. Nxc4 c5 14. Qa4 Bxc4 15. Rxc4 cxb4 16. Rxc8 Qxc8 17. Rc1 Qb8 18. Bxb4 Bxb4 19. Qxb4 Rc8 20. Qb2 h6 21. Nd2 Rxc1+ 22. Qxc1 Qd6 23. Qb2 Qc7 24. e4 e5 25. Bf1 exd4 26. Qxd4 Nc5 27. Bc4 a6 28. Bd5 b5 29. Nb3 Na4 30. e5 Nc3 31. Bf3 Nd7 32. e6 fxe6 33. Bg4 Kf7 34. Bh5+ g6 35. Bf3 Ne5 36. Qf4+ Ke7 37. Kg2 g5 38. Qb4+ Kf7 39. Bh5+ Kg8 40. Qd4 Nd5 41. Qe4 Nf6 42. Qa8+ Kg7 43. Qxa6 Nxh5 44. Qxb5 Qc6+ 45. Qxc6 Nxc6 46. Kf3 Nf6 47. h3 Nd5 48. a4 Kf6 49. a5 Ke5 50. h4 gxh4 51. gxh4 h5 52. a6 Nc7 53. Nc5 Kf5 54. Ne4 Nxa6 55. Ng3+ Kg6 56. Ke3 Nc5 57. f4 Nd7 58. Ne4 Nf6 59. Ng5 Kf5 0-1

[Event "CZE-chT2A 1718"]
[Site "Czech Republic"]
[Date "2018.01.28"]
[Round "7.3"]
[White "Jurek, Josef"]
[Black "Vorisek, Jaroslav"]
[Result "1/2-1/2"]
[WhiteElo "2264"]
[BlackElo "2230"]
[PlyCount "94"]
[EventDate "2017.10.15"]
[EventType "team-tourn"]
[EventRounds "11"]
[EventCountry "CZE"]
[SourceTitle "EXT 2022"]
[Source "ChessBase"]
[SourceDate "2021.10.06"]
[SourceVersion "1"]
[SourceVersionDate "2021.10.06"]
[SourceQuality "1"]
[WhiteTeam "Kozolupy"]
[BlackTeam "Praha Bohemians II"]
[WhiteTeamCountry "CZE"]
[BlackTeamCountry "CZE"]

1. Nf3 d5 2. c4 e6 3. g3 Nf6 4. Bg2 Be7 5. 0-0 0-0 6. d4 c6 7. Qc2 Nbd7 8. b3 b6 9. Rd1 Bb7 10. Nc3 Rc8 11. e4 dxe4 12. Nxe4 Nxe4 13. Qxe4 Nf6 14. Qc2 Qc7 15. Bf4 Bd6 16. Bxd6 Qxd6 17. c5 Qe7 18. b4 Rfd8 19. Ne5 Nd5 20. Qb3 Ba6 21. Re1 Qc7 22. Rac1 b5 23. a3 Ra8 24. Ra1 Bb7 25. a4 Ba6 26. a5 Re8 27. h4 Rad8 28. Rad1 Bc8 29. h5 f6 30. Nd3 Qf7 31. Bf3 Re7 32. Kg2 Rde8 33. Qb2 Bd7 34. Re4 Rf8 35. Rde1 e5 36. R4e2 Bf5 37. Be4 Qxh5 38. Rh1 Qg6 39. Rhe1 Qh5 40. Bxf5 Qxf5 41. Re4 Ref7 42. dxe5 fxe5 43. Nxe5 Qxf2+ 44. Qxf2 Rxf2+ 45. Kh3 Nc3 46. R4e3 Nd5 47. Re4 Nc3 1/2-1/2

[Event "CZE-chT2A 1718"]
[Site "Czech Republic"]
[Date "2018.01.14"]
[Round "6.3"]
[White "Vorisek, Jaroslav"]
[Black "Serrano Salvador, Eduardo"]
[Result "1-0"]
[WhiteElo "2230"]
[BlackElo "2327"]
[PlyCount "63"]
[EventDate "2017.10.15"]
[EventType "team-tourn"]
[EventRounds "11"]
[EventCountry "CZE"]
[SourceTitle "EXT 2022"]
[Source "ChessBase"]
[SourceDate "2021.10.06"]
[SourceVersion "1"]
[SourceVersionDate "2021.10.06"]
[SourceQuality "1"]
[WhiteTeam "Praha Bohemians II"]
[BlackTeam "Vysehrad II"]
[WhiteTeamCountry "CZE"]
[BlackTeamCountry "CZE"]

1. e4 e5 2. Nf3 Nf6 3. Nxe5 d6 4. Nf3 Nxe4 5. Nc3 Nf6 6. d4 Be7 7. Bd3 Bg4 8. h3 Bh5 9. g4 Bg6 10. Bf4 c6 11. Qd2 Qa5 12. 0-0 Nd5 13. Rfe1 Nxf4 14. Qxf4 Qd8 15. Re3 0-0 16. Rae1 Bxd3 17. cxd3 Re8 18. Ne4 Rf8 19. Ng3 Bh4 20. Nf5 g5 21. Qe4 Nd7 22. Ne7+ Kg7 23. Qf5 Ne5 24. dxe5 Qxe7 25. exd6 Qxd6 26. Re7 Rad8 27. d4 b5 28. R1e6 Qd5 29. Re5 Qc4 30. Nxh4 Rd6 31. Qxg5+ Kh8 32. Re8 1-0

[Event "CZE-chT1W 1718"]
[Site "Czech Republic"]
[Date "2017.10.29"]
[Round "1.2"]
[White "Borkovec, Milan"]
[Black "Vorisek, Jaroslav"]
[Result "1-0"]
[WhiteElo "2212"]
[BlackElo "2219"]
[PlyCount "37"]
[EventDate "2017.10.29"]
[EventType "team-tourn"]
[EventRounds "11"]
[EventCountry "CZE"]
[SourceTitle "CBM 181 Extra"]
[Source "ChessBase"]
[SourceDate "2017.12.12"]
[SourceVersion "1"]
[SourceVersionDate "2017.12.12"]
[SourceQuality "1"]
[WhiteTeam "Ceske Budejovice"]
[BlackTeam "Praha Bohemians"]
[WhiteTeamCountry "CZE"]
[BlackTeamCountry "CZE"]

1. e4 e5 2. Nf3 Nc6 3. Nc3 Nf6 4. Bb5 Bb4 5. 0-0 0-0 6. d3 d6 7. Ne2 Bg4 8. c3 Bc5 9. Ng3 Nh5 10. Nxh5 Bxh5 11. h3 d5 12. Qe2 f5 13. exf5 Rxf5 14. g4 Qf6 15. Bxc6 e4 16. Bxd5+ Rxd5 17. dxe4 Bg6 18. exd5 Rf8 19. Ng5 1-0

[Event "CZE-chT rap"]
[Site "Pardubice"]
[Date "2017.07.15"]
[Round "5.5"]
[White "Slovak, Kilian"]
[Black "Vorisek, Jaroslav"]
[Result "1-0"]
[WhiteElo "2254"]
[BlackElo "2185"]
[PlyCount "95"]
[EventDate "2017.07.13"]
[EventType "team-swiss"]
[EventRounds "7"]
[EventCountry "CZE"]
[SourceTitle "EXT 2018"]
[Source "ChessBase"]
[SourceDate "2017.10.13"]
[SourceVersion "1"]
[SourceVersionDate "2017.10.13"]
[SourceQuality "1"]
[WhiteTeam "Bozkov"]
[BlackTeam "Praha Bohemians"]
[WhiteTeamCountry "CZE"]
[BlackTeamCountry "CZE"]

1. e4 e5 2. Nf3 Nc6 3. Bb5 Nge7 4. Nc3 Ng6 5. 0-0 a6 6. Ba4 Bc5 7. d3 0-0 8. a3 d6 9. h3 h6 10. Be3 Nce7 11. Qe2 c6 12. d4 Ba7 13. Bb3 Qc7 14. Rad1 b5 15. dxe5 dxe5 16. Qd2 Bxe3 17. Qxe3 c5 18. Nd5 Nxd5 19. Bxd5 Rb8 20. Rd2 Rb6 21. Kh2 Nf4 22. Ng1 g5 23. g3 Ng6 24. Qf3 Kg7 25. Qe3 Rf6 26. c4 b4 27. axb4 cxb4 28. f3 Ne7 29. b3 Rg6 30. Rc2 h5 31. Kh1 Rh8 32. f4 gxf4 33. gxf4 exf4 34. Qxf4 Qxf4 35. Rxf4 Rf8 36. Rcf2 f5 37. Kh2 Rd8 38. Ne2 Nxd5 39. exd5 Re8 40. R4f3 h4 41. Nd4 Re4 42. Nxf5+ Bxf5 43. Rxf5 Re3 44. R5f3 Rc3 45. Rxc3 bxc3 46. c5 Rg5 47. Rc2 Rxd5 48. Rxc3 1-0

[Event "Klatovy op-A 23rd"]
[Site "Klatovy"]
[Date "2017.07.09"]
[Round "9"]
[White "Neuman, Petr"]
[Black "Vorisek, Jaroslav"]
[Result "1-0"]
[WhiteElo "2442"]
[BlackElo "2185"]
[PlyCount "79"]
[EventDate "2017.07.01"]
[EventType "swiss"]
[EventRounds "9"]
[EventCountry "CZE"]
[SourceTitle "EXT 2018"]
[Source "ChessBase"]
[SourceDate "2017.10.13"]
[SourceVersion "1"]
[SourceVersionDate "2017.10.13"]
[SourceQuality "1"]

1. e4 e5 2. Nf3 Nc6 3. c3 Nf6 4. d3 a5 5. Nbd2 Bc5 6. Be2 d5 7. 0-0 0-0 8. b3 Re8 9. a3 d4 10. c4 g6 11. Ne1 Bf8 12. g3 Bh3 13. Ng2 Qd7 14. Nf3 Qe7 15. Kh1 Rad8 16. Ng1 Bc8 17. Bg5 Bg7 18. Qd2 Qf8 19. f4 Qd6 20. b4 axb4 21. axb4 exf4 22. c5 Qe6 23. gxf4 Ne7 24. Bf3 h6 25. Bh4 Nh7 26. Rae1 Qb3 27. Rb1 Qc3 28. Qd1 Be6 29. f5 gxf5 30. exf5 Nxf5 31. Bxd8 Rxd8 32. Ne2 Qa3 33. Nef4 Ne3 34. Qc1 Qxc1 35. Rfxc1 c6 36. Nxe6 fxe6 37. b5 Ng5 38. Nxe3 Nxf3 39. Nc4 e5 40. Nd6 1-0

[Event "Klatovy op-A 23rd"]
[Site "Klatovy"]
[Date "2017.07.08"]
[Round "8"]
[White "Vorisek, Jaroslav"]
[Black "Formanek, Martin"]
[Result "1/2-1/2"]
[WhiteElo "2185"]
[BlackElo "2273"]
[PlyCount "20"]
[EventDate "2017.07.01"]
[EventType "swiss"]
[EventRounds "9"]
[EventCountry "CZE"]
[SourceTitle "EXT 2018"]
[Source "ChessBase"]
[SourceDate "2017.10.13"]
[SourceVersion "1"]
[SourceVersionDate "2017.10.13"]
[SourceQuality "1"]

1. d4 g6 2. Nf3 Bg7 3. g3 Nf6 4. c4 d6 5. Bg2 0-0 6. 0-0 Nc6 7. Nc3 a6 8. b3 Bf5 9. Bb2 e5 10. d5 Ne7 1/2-1/2

[Event "Klatovy op-A 23rd"]
[Site "Klatovy"]
[Date "2017.07.07"]
[Round "7"]
[White "Vorisek, Jaroslav"]
[Black "Novotny, Michal"]
[Result "1-0"]
[WhiteElo "2185"]
[BlackElo "2264"]
[PlyCount "127"]
[EventDate "2017.07.01"]
[EventType "swiss"]
[EventRounds "9"]
[EventCountry "CZE"]
[SourceTitle "EXT 2018"]
[Source "ChessBase"]
[SourceDate "2017.10.13"]
[SourceVersion "1"]
[SourceVersionDate "2017.10.13"]
[SourceQuality "1"]

1. d4 Nf6 2. c4 g6 3. g3 Bg7 4. Bg2 0-0 5. Nc3 c5 6. e3 Nc6 7. Nge2 cxd4 8. Nxd4 d6 9. 0-0 Bd7 10. b3 Rc8 11. Bb2 a6 12. Qe2 Re8 13. Rfc1 Qb6 14. Nc2 Bg4 15. Qd2 Qa5 16. h3 Be6 17. Qe2 Nd7 18. Nd4 Nxd4 19. exd4 Bxd4 20. Bxb7 Ne5 21. Bg2 Bf5 22. Na4 Ba7 23. Bc3 Qc7 24. Nb2 h5 25. Rd1 f6 26. Rd2 Kg7 27. Nd1 a5 28. Ne3 Bxe3 29. Qxe3 a4 30. Rd5 Rb8 31. Bd4 Be6 32. Rb5 Rxb5 33. cxb5 axb3 34. axb3 Bf7 35. f4 Nd7 36. Bc6 e5 37. fxe5 dxe5 38. Bc3 Rb8 39. Ra7 Qb6 40. Bd2 Nc5 41. Re7 Qd8 42. Qxc5 Qxd2 43. Rxf7+ Kxf7 44. Qa7+ Ke6 45. Qxb8 Qe1+ 46. Kh2 Qf2+ 47. Bg2 h4 48. Qg8+ Kd6 49. Qxg6 Kc5 50. gxh4 Kxb5 51. Qe4 f5 52. Qxe5+ Kb4 53. Qg3 Qe2 54. Qf3 Qe5+ 55. Qg3 Qe2 56. Kg1 Qd1+ 57. Bf1 Qd4+ 58. Qf2 Qg7+ 59. Kh1 Kxb3 60. Qb6+ Kc3 61. Qa5+ Kc2 62. Qxf5+ Kc3 63. Qf3+ Kd2 64. Qg2+ 1-0

[Event "Klatovy op-A 23rd"]
[Site "Klatovy"]
[Date "2017.07.04"]
[Round "4"]
[White "Dolansky, Lukas"]
[Black "Vorisek, Jaroslav"]
[Result "0-1"]
[WhiteElo "2065"]
[BlackElo "2185"]
[PlyCount "94"]
[EventDate "2017.07.01"]
[EventType "swiss"]
[EventRounds "9"]
[EventCountry "CZE"]
[SourceTitle "EXT 2018"]
[Source "ChessBase"]
[SourceDate "2017.10.13"]
[SourceVersion "1"]
[SourceVersionDate "2017.10.13"]
[SourceQuality "1"]

1. e4 e5 2. Nf3 Nc6 3. d4 exd4 4. Nxd4 Bc5 5. Be3 Qf6 6. c3 Nge7 7. Bc4 Ne5 8. Be2 Qg6 9. 0-0 d6 10. f3 0-0 11. Kh1 Bb6 12. Nd2 f5 13. Qb3+ Kh8 14. a4 fxe4 15. fxe4 Bg4 16. Bxg4 Nxg4 17. Bg1 Nc6 18. Qb5 Rae8 19. Rxf8+ Rxf8 20. Rf1 Rxf1 21. Qxf1 Nf6 22. Nb5 Qg5 23. Bxb6 axb6 24. Qe2 Ne8 25. g3 Ne5 26. Kg2 g6 27. Nf3 Qg4 28. h3 Qe6 29. Nxe5 dxe5 30. c4 Kg7 31. b3 c6 32. Nc3 Qd6 33. Nd1 Qd4 34. Nf2 Nf6 35. Kf3 Nd7 36. Qc2 Nc5 37. Nd1 Ne6 38. Nf2 Ng5+ 39. Ke2 h5 40. h4 Ne6 41. Qd3 Qb2+ 42. Ke3 Nd4 43. g4 Qc1+ 44. Qd2 Qg1 45. Kd3 hxg4 46. Kc3 Qa1+ 47. Kb4 c5# 0-1

[Event "CZE-chT2A 1617"]
[Site "Czech Republic"]
[Date "2017.02.26"]
[Round "9.3"]
[White "Ralis, Petr"]
[Black "Vorisek, Jaroslav"]
[Result "1/2-1/2"]
[WhiteElo "2197"]
[BlackElo "2192"]
[PlyCount "26"]
[EventDate "2016.10.09"]
[EventType "team-tourn"]
[EventRounds "11"]
[EventCountry "CZE"]
[SourceTitle "EXT 2022"]
[Source "ChessBase"]
[SourceDate "2021.10.06"]
[SourceVersion "1"]
[SourceVersionDate "2021.10.06"]
[SourceQuality "1"]
[WhiteTeam "Podborany"]
[BlackTeam "Praha Bohemians II"]
[WhiteTeamCountry "CZE"]
[BlackTeamCountry "CZE"]

1. e4 e5 2. Nf3 Nc6 3. Bb5 a6 4. Ba4 Nf6 5. 0-0 b5 6. Bb3 d6 7. d3 Be7 8. Nc3 0-0 9. Nd5 Na5 10. Nxe7+ Qxe7 11. Bd2 Nxb3 12. axb3 Nd7 13. b4 Bb7 1/2-1/2

[Event "CZE-chT2A 1617"]
[Site "Czech Republic"]
[Date "2016.12.11"]
[Round "5.3"]
[White "Vorisek, Jaroslav"]
[Black "Slovak, Kilian"]
[Result "1-0"]
[WhiteElo "2192"]
[BlackElo "2104"]
[PlyCount "103"]
[EventDate "2016.10.09"]
[EventType "team-tourn"]
[EventRounds "11"]
[EventCountry "CZE"]
[SourceTitle "EXT 2022"]
[Source "ChessBase"]
[SourceDate "2021.10.06"]
[SourceVersion "1"]
[SourceVersionDate "2021.10.06"]
[SourceQuality "1"]
[WhiteTeam "Praha Bohemians II"]
[BlackTeam "Praha Kobylisy"]
[WhiteTeamCountry "CZE"]
[BlackTeamCountry "CZE"]

1. e4 c5 2. c3 d5 3. exd5 Qxd5 4. d4 Nf6 5. Nf3 Bg4 6. Be2 e6 7. 0-0 Nc6 8. Be3 cxd4 9. cxd4 Be7 10. Nc3 Qd6 11. a3 0-0 12. Qd2 Rac8 13. Rad1 Rfd8 14. Rfe1 Nd5 15. Ne4 Qc7 16. Rc1 Qa5 17. Qd1 Nxe3 18. fxe3 Qb6 19. b4 a6 20. Qb3 Na7 21. Nc5 Rd5 22. Qa2 Nc6 23. Rf1 Bxc5 24. bxc5 Qc7 25. h3 Bxf3 26. Rxf3 Ne7 27. Rcf1 Rf8 28. Bc4 Rf5 29. Bxe6 Rxf3 30. Rxf3 Ng6 31. Bb3 Nh4 32. Rf4 Ng6 33. Rf1 Qe7 34. Qf2 h5 35. Bd5 Kh7 36. Qf3 Qg5 37. Bxf7 Kh6 38. Qf5 Qxe3+ 39. Rf2 Rxf7 40. Qxf7 Qxd4 41. Qxb7 Qxc5 42. Qxa6 h4 43. a4 Qc1+ 44. Qf1 Qa3 45. Qc4 Qa1+ 46. Rf1 Qe5 47. Qb4 Qe3+ 48. Kh1 Qe2 49. Re1 Qf2 50. Re6 Qf1+ 51. Kh2 Qf5 52. Qxh4+ 1-0